Name all of the biggest classical period composers! - Statistics

General Stats
  • This quiz has been taken 162 times
  • The average score is 8 of 15
Answer Stats
Hint Answer % Correct
Wolfgang Mozart
98%
Wilhelm Bach
95%
CPE Bach
95%
JC Bach
95%
Ludvig Beethoven
92%
Joseph Haydn
77%
Franz Schubert
66%
Johann Schubert
63%
Domenico Scarlatti
49%
Luigi Boccherini
28%
Christoph Gluck
25%
Luigi Cherubini
7%
Johann Stamitz
6%
Giovanni Battista Sammartini
4%
Andre Modest Gretry
3%
No matching quizzes found
Score Distribution
Percent of People with Each Score
Percentile by Number Answered
Your Score History
You have not taken this quiz